Grassland nitrogen /

Guardado en:
Autor Principal: Whitehead, D. C.
Formato: Libro
Idioma:English
Publicado: Wallingford : CAB International, c1995.
Etiquetas: Agregar Etiqueta
Sin Etiquetas, Sea el primero en etiquetar este registro!
LEADER 00510nam a22001695a 4500
001 EEA.libagro005661
005 20161012131723.0
008 130809s1995####xxka##########000#0#eng#d
020 |a 0851989152 
082 0 4 |a 631.84 
082 0 4 |a 333.74 
082 0 4 |a 633.208894 
100 1 |a Whitehead, D. C.  |q (David Charles) 
245 1 0 |a Grassland nitrogen /  |c D.C. Whitehead. 
260 |a Wallingford :  |b CAB International,  |c c1995. 
300 |a xv, 397 p. :  |b il. ;  |c 24 cm. 
859 |a AR-BbBCA  |b BIB. AGRONOMIA  |h 631.84  |i W822  |p 1997/3005